LEADER 01449nam a2200313 u 4500 001 000000013571 003 CaOOAMICUS 005 20070226105651.0 008 941210s1956 gw u000 u ger u 035 $a10323866 040 $aPUL$bita 100 1 $aKaiser, Matthäus.$0(OLS)http://pul/name/12756 245 14$aDie Einheit der Kirchengewalt nach dem Zeugnis des Neuen Testamentes und der apostolischen Väter .. 260 $aMünchen :$bK. Zink,$c1956. 300 $axii, 206 p. ;$c24 cm 490 1 $aMünchener theologische Studien.$aIII, Kanonistische Abteilung ;$v7. Bd. 500 $aComprende indici 504 $aQuellen und schriftum p. x-xii 630 04$aBiblia.$0(OLS)http://pul/subject/2876 650 4$aGiurisdizione ecclesiastica.$0(OLS)http://pul/subject/9797 650 4$aPadri apostolici.$0(OLS)http://pul/subject/4455 830 0$aMünchener theologische Studien.$nIII,$pKanonistische Abteilung ;$v7. Bd.$0(OLS)http://pul/title/2827 850 $aPUL 852 $aPUL$W1$xDP1 Fondo Maccarrone$y58$m1505 D 41$j19123$nBK-PRI$b $qFondi$B19123$CPULBib$Z2$F19123 $H $81 941 1 $a1 960 $aBibbia$92876 961 $aINV: 01531 -- Fondo Mons. M. Maccarrone 996 $6245$aDie Einheit der Kirchengewalt nach dem Zeugnis des Neuen Testamentes und der apostolischen Väter ..$9(OLS)http://pul/title/19581 996 $6260$aMünchen :$bK. Zink$9(OLS)http://pul/publisher/49019 LEADER 01360nam a2200313 u 4500 001 000000073742 003 CaOOAMICUS 005 20070226122402.0 008 021029s2000 nyu u000 u eng u 020 $a0385184603 035 $a10943300 040 $aPUL$bita 041 1 $aeng$hgrc 130 0 $aBiblia.$pN.T.$pAd Thessalonicenses I-II.$lInglese.$0(OLS)http://pul/title/41554 245 14$aThe Letters to the Thessalonians :$ba new translation with introduction and commentary /$cAbraham J. Malherbe. 260 $aNew York :$bDoubleday,$c2000. 300 $axx, 508 p. ;$c24 cm 490 1 $aThe Anchor Bible ;$v32B 500 $aComprende indici. 630 04$aBiblia.$pN.T.$pAd Thessalonicenses I-II$xCommenti.$0(OLS)http://pul/subject/6280 700 1 $aMalherbe, Abraham J.$0(OLS)http://pul/name/25356 830 4$aThe Anchor Bible ;$v32B.$0(OLS)http://pul/title/18634 850 $aPUL 852 $aPUL$W1$xSL Religione 1$y3$m1(6) G 32B$j95268$nBK-PRI$b $qStampati$B95268$CPULBib$Z2$F95268 $H $81 941 1 $a8 961 $aINV: 87535 996 $6020$a0385184603$9(OLS)http://pul/number/95214 996 $6245$aThe Letters to the Thessalonians :$ba new translation with introduction and commentary$9(OLS)http://pul/title/96901 996 $6260$aNew York :$bDoubleday$9(OLS)http://pul/publisher/53872